Structural steel design-LRFD / (Record no. 1284)

000 -LEADER
fixed length control field 00386 a2200133 4500
020 ## - INTERNATIONAL STANDARD BOOK NUMBER
International Standard Book Number 0827362218
082 ## - DEWEY DECIMAL CLASSIFICATION NUMBER
Classification number 624.1821 BUR
100 ## - MAIN ENTRY--PERSONAL NAME
Personal name Burns, Thomas,
245 ## - TITLE STATEMENT
Title Structural steel design-LRFD /
Statement of responsibility, etc. Thomas Burns.
260 ## - PUBLICATION, DISTRIBUTION, ETC.
Place of publication, distribution, etc. Albany :
Name of publisher, distributor, etc. Delmar Publishers,
Date of publication, distribution, etc. c1995.
300 ## - PHYSICAL DESCRIPTION
Extent xi, 388 p. :
Other physical details ill. ;
Dimensions 25 cm.
650 ## - SUBJECT ADDED ENTRY--TOPICAL TERM
Topical term or geographic name entry element Building, Iron and steel.
650 ## - SUBJECT ADDED ENTRY--TOPICAL TERM
Topical term or geographic name entry element Load factor design.
650 ## - SUBJECT ADDED ENTRY--TOPICAL TERM
Topical term or geographic name entry element Steel, Structural.
Holdings
Withdrawn status Lost status Damaged status Not for loan Permanent Location Current Location Shelving location Date acquired Total Checkouts Full call number Barcode Date last seen Date last checked out Price effective from Koha item type
        School of Civil and Environmental Engineering (SCEE) School of Civil and Environmental Engineering (SCEE)     3 624.1821 BUR NIT-310 11/20/2025 02/06/2025 01/05/2017 Book
        School of Civil and Environmental Engineering (SCEE) School of Civil and Environmental Engineering (SCEE)         NIT-796 01/05/2017   01/05/2017 Book
© 2023 Central Library, National University of Sciences and Technology. All Rights Reserved.